00389nam a22001457a 450000500170000000800410001702000150005804100120007308200130008510000120009824500280011026000550013830000250019365000250021820240822094433.0240822b |||||||| |||| 00| 0 eng d a0409034754 aEnglish a349 LAW  lEnglish aThe Lawyer's Pocketbook aDurban: bButterworth Publishers (Pty) Ltd, c2000 b348 pages; c25 cm.  aLegal practice bLaw